000
00337nam a2200145Ia 4500
008
230718s9999 xx 000 0 und d
041
_a
Eng.
082
_a
241
_b
BV -M
100
_a
Bv Subrahmanyam
245
0
_a
Medical Jurisprudence
260
_a
Pakistan
_b
(iminal Law Public
_c
2003
300
_a
587
650
_a
Law
999
_c
29123
_d
29123